|
|
|
|
| LEADER |
00925nam a2200277 a 4500 |
| 001 |
151238 |
| 008 |
110519s1999 caua 001 0 eng d |
| 010 |
|
|
|a 98088913
|
| 020 |
|
|
|a 8176560898
|
| 020 |
|
|
|a 0782123147
|
| 040 |
|
|
|a ArU
|c ArU
|d DLC
|d BD-DhAAL
|
| 082 |
0 |
0 |
|a 652.5/5369
|2 21
|
| 100 |
1 |
|
|a Mansfield, Ron.
|
| 245 |
1 |
0 |
|a Mastering Word 2000 /
|c Ron Mansfield, J.W. Olsen.
|
| 246 |
3 |
0 |
|a Word 2000
|
| 250 |
|
|
|a Premium ed.
|
| 260 |
|
|
|a San Francisco :
|b SYBEX ;
|a New Delhi :
|b BPB Publications,
|c c1999.
|
| 300 |
|
|
|a xxxvii, 1064 p. :
|b ill. ;
|c 23 cm.
|
| 500 |
|
|
|a Includes index.
|
| 541 |
|
|
|e 00010557
|
| 630 |
0 |
0 |
|a Microsoft Word.
|
| 650 |
|
0 |
|a Word processing.
|
| 700 |
1 |
|
|a Olsen, J. W.
|
| 852 |
4 |
|
|a Ayesha Abed Library
|j General shelf
|
| 999 |
|
|
|c 10885
|d 10885
|
| 952 |
|
|
|0 0
|1 0
|2 ddc
|4 0
|6 652_553690000000000_MAN
|7 0
|9 16608
|a BRACUL
|b BRACUL
|c GEN
|d 2011-05-22
|l 0
|o 652.55369 MAN
|p 3010010557
|r 2011-05-22
|t 1
|w 2011-05-22
|y BK
|